|
|
|
|
| LEADER |
00000nam0a2200000 4500 |
| 001 |
246283 |
| 005 |
20240213112731.0 |
| 035 |
|
|
|a (RuTPU)RU\TPU\book\267727
|
| 090 |
|
|
|a 246283
|
| 100 |
|
|
|a 20131128d2013 m y0rusy50 ca
|
| 101 |
0 |
|
|a rus
|
| 102 |
|
|
|a RU
|
| 105 |
|
|
|a y j 001zy
|
| 200 |
1 |
|
|a Полный вперед! Русский язык как иностранный. Грамматический справочник в таблицах и схемах (начальный и средний этапы)
|e учебное пособие
|f Е. А. Потураева, О. В. Ильиных
|g Национальный исследовательский Томский политехнический университет (ТПУ)
|
| 210 |
|
|
|a Томск
|c Изд-во ТПУ
|d 2013
|
| 215 |
|
|
|a 126 с.
|
| 320 |
|
|
|a Библиогр.: с. 126.
|
| 330 |
|
|
|a Справочник содержит 70 таблиц по практической грамматике русского языка в рамках 1-го сертификационного уровня, методический комментарий для начинающих преподавателей и пояснения к таблицам для изучающих русский язык. Справочник рекомендован для использования в вузах, на курсах русского языка как иностранного, как при аудиторной, так и самостоятельной работе.
|
| 452 |
|
1 |
|0 (RuTPU)RU\TPU\book\268294
|t Полный вперед! Русский язык как иностранный. Грамматический справочник в таблицах и схемах (начальный и средний этапы)
|o учебное пособие
|f Е. А. Потураева, О. В. Ильиных
|g Национальный исследовательский Томский политехнический университет (ТПУ), Институт международного образования и языковой коммуникации (ИМОЯК), Кафедра русского языка как иностранного (РКИ)
|c Томск
|n Изд-во ТПУ
|d 2013
|a Потураева, Евгения Александровна
|
| 606 |
1 |
|
|a Русский язык
|x Для других народов
|x Учебные руководства и пособия
|2 stltpush
|3 (RuTPU)RU\TPU\subj\26400
|9 50340
|
| 610 |
1 |
|
|a русский язык как иностранный
|
| 610 |
1 |
|
|a русский язык для иностранцев
|
| 610 |
1 |
|
|a лексика
|
| 610 |
1 |
|
|a грамматика
|
| 610 |
1 |
|
|a грамматические упражнения
|
| 610 |
1 |
|
|a грамматические трудности
|
| 610 |
1 |
|
|a грамматические формы
|
| 686 |
|
|
|a Ш141.2-96
|2 rubbk
|
| 700 |
|
1 |
|a Потураева
|b Е. А.
|c лингвист
|c доцент Томского политехнического университета, кандидат филологических наук
|f 1977-
|g Евгения Александровна
|3 (RuTPU)RU\TPU\pers\24591
|9 10889
|
| 701 |
|
1 |
|a Ильиных
|b О. В.
|c лингвист
|c старший преподаватель Томского политехнического университета
|f 1978-
|g Ольга Викторовна
|3 (RuTPU)RU\TPU\pers\31588
|
| 712 |
0 |
2 |
|a Национальный исследовательский Томский политехнический университет (ТПУ)
|c (2009- )
|3 (RuTPU)RU\TPU\col\15902
|
| 801 |
|
1 |
|a RU
|b 63413507
|c 20131128
|
| 801 |
|
2 |
|a RU
|b 63413507
|c 20230404
|g RCR
|
| 942 |
|
|
|c BK
|